| 000 | 00790nam a2200193Ia 4500 | ||
|---|---|---|---|
| 008 | 0000002008 pe ad 0000000000spa00 | ||
| 090 | _aPPE02 R67r | ||
| 245 | 1 | 0 |
_aRosi Schwarztman [Disco compacto] _b: naturaleza errante |
| 300 |
_a1 CD ROM bajo Windows _c/ 12 cm. |
||
| 500 | _aExposición realizada en La Galería, Lima, Perú \ Incluye cronología del artista \ Proyecto Ganador Programa Apoyos Concertados FGAA 2010 | ||
| 600 | 0 | 0 |
_aSCHWARTZMAN, ROSI, 1947/ _xTRABAJOS PICTORICOS |
| 650 | 1 | 4 | _aARTE CONTEMPORANEO PERUANO CDROM |
| 650 | 1 | 4 | _aARTISTAS PLASTICOS PERUANOS CDROM |
| 650 | 1 | 4 | _aCOLLAGE CDROM |
| 650 | 1 | 4 | _aNATURALEZA EN EL ARTE CDROM |
| 650 | 1 | 4 | _aPINTORES PERUANOS CDROM |
| 650 | 1 | 4 | _aPINTURA PERUANA CDROM |
| 999 |
_c11944 _d11944 |
||
| 260 |
_aPerú : [s.n.] _c2008 |
||